| 000 | 00849nam a22002537a 4500 | ||
|---|---|---|---|
| 999 |
_c14997 _d14997 |
||
| 003 | AR-CdUCM | ||
| 008 | 190405b ||||| |||| 00| 0 spa d | ||
| 020 | _a9972-847-20-9 | ||
| 040 |
_aMUNICIPALIDAD PROVINCIAL DEL CUSCO _cBIBLIOTECA MUNICIPAL DEL CUSCO |
||
| 082 |
_aEP / 808.06 / _bT33 |
||
| 100 |
_aTejo, Heriberto _925319 |
||
| 245 |
_aMi amigo el Glumpo : _bY el unicornio / |
||
| 260 |
_aLima : _bCuenta cosas alfaguara, _bGrupo Santillana, _c2006. |
||
| 300 |
_a91 paginas ; _bIlustraciones, graficos, dibujos, _c22 cm. |
||
| 500 | _aCuento | ||
| 505 | _aContenido :Mi amigo el glumpo y el unicornio. | ||
| 650 |
_aCuentos _9217 |
||
| 650 |
_aHistoria _9136 |
||
| 650 |
_aLiteratura _983 |
||
| 650 |
_aTexto Educativo _925832 |
||
| 700 |
_aMalásquez, Carlos (ilustraciones) _933991 |
||
| 942 |
_2ddc _cLIBROS |
||
| 945 |
_arum _d2019-04-25 |
||